| 000 | 00402nam a22001697a 4500 | ||
|---|---|---|---|
| 999 |
_c11683 _d11683 |
||
| 003 | OSt | ||
| 008 | 230110b ||||| |||| 00| 0 eng d | ||
| 020 | _a9780070597716 | ||
| 082 | _a332.6019 PAS | ||
| 100 | _aPARIKH,Parag | ||
| 245 | _aStocks to Riches | ||
| 250 | _aRep 3rd | ||
| 260 |
_aNew Delhi _bTMH _c2022 |
||
| 300 | _a112 | ||
| 650 | _aStocks to Riches (Stock Marketing) | ||
| 942 |
_2ddc _cREF |
||